000 00478nam a22001697a 4500
005 20231106125602.0
008 231106b |||||||| |||| 00| 0 eng d
020 _a9780409014044
041 _aEnglish
082 _a346.5 ADM
100 _lEnglish
245 _aAdministration of Estates 66 of 1965
260 _aDurban :
_bLexisNexis (Pty) Ltd,
_c2002
300 _b423 pages ;
_c26 cm.
650 _aLegal practice
_bLaw
942 _cBK
_6ALISON_BN_VRIES
999 _c322
_d322